LEADER 00948nam0 2200277 450 001 000005538 005 20051017084318.0 010 $a88-464-5508-8 100 $a20041021d2004----km-y0itay50------ba 101 0 $aita 102 $aIT 105 $ay-------001cy 200 1 $a<>domanda di lavoro qualificato in Italia$ei canali di ricerca, le inserzioni a modulo e la curva di Beveridge$fa cura di Anna Mocavini e Achille Pierre Paliotta 210 $aMilano$cFranco Angeli$dc2004 215 $a287 p.$cgraf.$d23 cm 225 2 $aIsfol$fStrumenti e ricerche$v150 410 0$12001$aIsfol 610 1 $aLavoro$aDomande e offerte$aPersonale qualificato 676 $a331 702 1$aMocavini,$bAnna 702 1$aPaliotta,$bAchille Pierre 801 0$aIT$bUNIPARTHENOPE$gRICA$2UNIMARC 912 $a000005538 951 $a331-D/6$b37183$cNAVA1$d20041021 996 $aDomanda di lavoro qualificato in Italia$91206127 997 $aUNIPARTHENOPE LEADER 00905nam0 2200277 450 001 000006443 005 20060130132113.0 010 $a88-464-5083-3 100 $a20060130d2004----km-y0itay50------ba 101 0 $aita 102 $aIT 105 $ay-------001yy 200 1 $a<>gestione delle risorse umane come chiave del successo aziendale$fAldo Canonici$gprefazione di Gianfranco Fabi 210 $aMilano$cFranco Angeli$dc2005 215 $a173 p.$d23 cm 225 2 $aAzienda moderna$v536 410 0$12001$aAzienda moderna 610 1 $aAzienda$aPersonale$aGestione 676 $a658.3$v20 700 1$aCanonici,$bAldo$0108725 702 1$aFabi,$bGianfranco 801 0$aIT$bUNIPARTHENOPE$c20060130$gRICA$2UNIMARC 912 $a000006443 951 $a658-G/22$b38324$cNAVA1$d2006 996 $aGestione delle risorse umane come chiave del successo aziendale$9277903 997 $aUNIPARTHENOPE LEADER 00902nam0 2200277 450 001 000028716 005 20120328162312.0 100 $a20120308d2011----km-y0itay50------ba 101 0 $aita 102 $aIT 105 $ay-------001yy 200 1 $aOltre gli OGM$ele biotecnologie in ambito agroalimentare$fBarilla Center for Food & Nutrition 210 $aParma$d2011 215 $a113 p.$cill.$d30 cm 225 2 $aBCFN. Barilla Center for Food & Nutrition 410 0$12001 500 10$aOltre gli OGM$957992 610 1 $aEconomia sostenibile$aAmbiente 676 $a333$v20 712 02$aBarilla Center for Food & Nutrition 801 0$aIT$bUNIPARTHENOPE$gRICA$2UNIMARC 856 4 $uhttp://www.barillacfn.com/uploads/file/99/1311932473_PAPER_OGM_web.pdf 912 $a000028716 951 $aBCFN 333/Luglio/2011 (I)$b43742$cNAVA1$d2011 996 $aOltre gli OGM$957992 997 $aUNIPARTHENOPE